Just For Fun Quiz / Ain't Nobody Got Time For This Quiz (Slideshow)

Random Just For Fun or Popular Quiz

Results

Quiz not verified by Sporcle

Challenge
Share
Tweet
Score 0/11 Timer 02:00
0 Plays Today
% Correct
Life
88.1%
Time
86.7%
Woke
80.1%
Fire!
77%
Jesus
76.1%
Ran
72.6%
Smoke
72.6%
Pop
65%
Shoes
65%
Bronchitis
57.5%
Barbecuing
55.3%
 
Number % Answered
11 (all)
38.5%
10
11.9%
9
7.5%
8
6.6%
7
4.4%
6
4.9%
5
4.9%
4
3.1%
3
5.8%
2
5.8%
1
6.6%

You're not logged in!

Compare scores with friends on all Sporcle quizzes.
Sign Up with Email
OR
Log In

You Might Also Like...

Show Comments

Extras


Your Account Isn't Verified!

In order to create a playlist on Sporcle, you need to verify the email address you used during registration. Go to your Sporcle Settings to finish the process.